LIBRARY & INFORMATION CENTRE, KCAET, TAVANUR

ONLINE PUBLIC ACCESS CATALOGUE (OPAC)

Manufacturing processes / (Record no. 13062)

MARC details
000 -LEADER
fixed length control field 00475cam a2200193ua 4500
041 ## - LANGUAGE CODE
Language code of text/sound track or separate title eng
082 ## - DEWEY DECIMAL CLASSIFICATION NUMBER
Classification number 670
Item number SHA/MA
100 ## - MAIN ENTRY--AUTHOR NAME
Personal name Sharma, S.K .
245 ## - TITLE STATEMENT
Title Manufacturing processes /
260 ## - PUBLICATION, DISTRIBUTION, ETC. (IMPRINT)
Place of publication New Delhi :
Name of publisher I.K International ,
Year of publication 2007.
300 ## - PHYSICAL DESCRIPTION
Number of Pages 706 ;
Accompanying material `.
700 1# - ADDED ENTRY--PERSONAL NAME
Personal name Sharmama, Sarita .
942 ## - ADDED ENTRY ELEMENTS (KOHA)
Koha item type Books
Holdings
Withdrawn status Lost status Damaged status Home library Current library Date acquired Full call number Accession Number Koha item type Collection code Shelving location Source of acquisition Cost, normal purchase price
      KAUAET KAUAET 07/04/2012 670 21649 Books        
      KAUAET KAUAET 07/04/2012 670 21840 Books        
      KAUAET KAUAET 25/08/2016 670 SHA/MA BB 282 Book Bank scheme for SC students   Scheme Dream Tech Publishers & Book Sellers, Trivandrum. 195.00
free website counter